| 000 | 00553nam a2200181 a 4500 | ||
|---|---|---|---|
| 005 | 20140310183456.0 | ||
| 008 | 091127s19uu xx 00 eng d | ||
| 020 | _a978160059141 | ||
| 050 |
_aTR 721 _b.G73 2008 |
||
| 100 | _aGraves, Russell | ||
| 245 |
_aThe kodak most basic book of digital nature photography / _cRussell Graves. |
||
| 260 |
_aNew York : _bLark Books, _c2008. |
||
| 300 |
_a96 p. : _bcol. ill. ; _c26 cm. |
||
| 650 | _aNature photography. | ||
| 650 |
_aPhotography _xDogital techniques. |
||
| 942 |
_cBK _2lcc _kFOR |
||
| 999 |
_c23642 _d23642 |
||